000 00316nam a2200109Ia 4500
008 160531s9999 xx 000 0 und d
100 _aHu, Sen.
245 _aCombinatorics and Algebra of Tensor Calculus
245 _cby Sen Hu, Xuexing Lu, Yu Ye
260 _c2015
856 _uhttp://arxiv.org/pdf/1501.01790v1.pdf
999 _c295147
_d295147